Logo BPK

Biblioteka

Politechniki Koszalińskiej

Vvedenie v nelinejnuju optiku / (Rekord nr 15730)

Szczegóły MARC
000 -ETYKIETA REKORDU
podpole kontrolne o stałej długości 00354nam a2200145 i 4500
001 - NUMER KONTROLNY REKORDU
pole kontrolne bg
040 ## - ŹRÓDŁO KATALOGOWANIA
Instytucja, która utworzyła rekord BPK
041 ## - KOD JĘZYKA
Kod języka tekstu pol
008 - POLE O STAŁEJ DŁUGOŚCI - DANE KONTROLNE
podpole kontrolne o stałej długości s pl f |000 0 pol
100 1# - NAZWA OSOBOWA
Nazwa osobowa SCHUBERT, Max
245 #0 - TYTUŁ/ODPOWIEDZIALNOŚĆ
Tytuł Vvedenie v nelinejnuju optiku /
Pozostałe elementy strefy tytułu i oznaczenia odpowiedzialności Max Schubert, Bernd Winhelmi.
260 ## - STREFA ADRESU WYDAWNICZEGO
Miejsce wydania Moskva,
Data publikacji, dystrybucji/powstania dokumentu 1973.
700 1# - HASŁO DODATKOWE - NAZWA OSOBOWA
Nazwa osobowa WINHELMI, Bernd
856 ## - LOKALIZACJA I DOSTĘP DO ELEKTRONICZNYCH DOKUMENTÓW ZDALNYCH
Link (URL) http://koha.tu.koszalin.pl/cgi-bin/koha/opac-detail.pl?biblionumber=15730
Tekst linku Katalog online BPK
942 ## - DODATKOWE ELEMENTY (KOHA)
Typ dokumentu Książka
Egzemplarze
Wycofany Status egzemplarza Uszkodzony Dostępność Lokalizacja stała Lokalizacja bieżąca Miejsce przechowywania Sygnatura Kod kreskowy Typ dokumentu Numer ubytku
      Dostępny Biblioteka Politechniki Koszalińskiej Biblioteka Politechniki Koszalińskiej Wypożyczalnia BG 16571 01736311 Książka  
  Egz. niedostępny   Niedostępny Biblioteka Politechniki Koszalińskiej Biblioteka Politechniki Koszalińskiej   16572 01736328 Książka 11598
© 2023 Biblioteka Politechniki Koszalińskiej :: KOHA